000 00720nam a2200229Ia 4500
001 16705
003 GE_BSU
008 181216s||||||||xx |||||||||||||| ||und||
040 _cGE_BSU
080 _a821.161.1-31
100 _aილფი, ი.
245 _aოქროს კერპი
245 _bრომანი
245 _cთარგმ. და კომენტარები ჯორჯანელებისა. რედ. ვ. შალამბერიძე
260 _aბათუმი
260 _bსახელგამი
260 _c1962
300 _a384გვ. ; 23სმ
653 _aოქროს კერპი
653 _aრომანი
942 _cBK
999 _c49770
_d49770